1803 1510 1965 1893 1685 1828 1727 1542 1277 1623 1148 1454 1268 1130 1012 1269 1662 1703 1320 1692 1989 1731 1986 1071 1555 1047 1320 1557 1266 1420 1026 1093 1469 1315 1392 1794 1527 1094 1798 1776 1861 1055 1323 1769 1298 1868 1879 1013 1758 1136 1336 1530 1455 1376 1791 1605 1974 1832 1273 1887 1790 1897 1716 1015 1239 1624 1082 1439 1779 1790 1966 1221 1055 1236 1654 1900 1878 1112 1706 1067 1280 1521 1845 1900 1775 1192 1084 1680 1467 1467 1040 1564 1162 1512 1805 1814 1270 1447 1294 BCNSPRNW ULIB Ver.6.0+V

เปลี่ยนเป็นภาษาไทย

Change to English
 แสดงรายละเอียดบรรณานุกรม
  กลับหน้าหลัก

Brief Record : Get Marc (ISO 2709) : E-mail record : QR code < ปิดหน้าต่าง
LEADER : 00000nam 2200000uu 4500
001    13399121707
003     ULIB
008    121130s2546||||th 000 0 tha d
020    ^a9741322558
060 04 ^aWS^bว218ก
245 00 ^aPediatric primary care :^bcase illustrations /^cบรรณาธิการ, วรนุช จงศรีสวัสดิ์ ... [และคนอื่นๆ]
250    ^aพิมพ์ครั้งที่ 1
260    ^aกรุงเทพฯ :^bภาควิชากุมารเวชศาสตร์ คณะแพทยศาสตร์จุฬาลงกรณ์มหาวิทยาลัย,^c2546
300    ^a394 หน้า :^bภาพประกอบ ;^c30 ซม.
650  7 ^aกุมารเวชศาสตร์
700 0  ^aวรนุช จงศรีสวัสดิ์,^eบรรณาธิการ
710 2  ^aจุฬาลงกรณ์มหาวิทยาลัย. ^bคณะแพทยศาสตร์.^bภาควิชากุมารเวชศาสตร์
945    ^p300^l0^i12996
945    ^p300^l0^i13000
945    ^p300^l0^i13005
945    ^p300^l0^i13004
945    ^p300^l0^i13003
945    ^p300^l0^i13002
945    ^p300^l0^i12998
995    ^aวิภา
999 ^a ใช้งานได้ทุกระบบ
รายการนี้ยังไม่มีแท็ก
คุณยังไม่ได้ล็อกอิน คุณสามารถมีกิจกรรมร่วมกับเว็บไซต์ได้ แต่ต้องล็อกอินก่อน ::
  ล็อกอิน

รายการสื่อสารสนเทศ

ลำดับที่ ประเภท เลขเรียก/บาร์โค้ด สถานที่ สถานะ
1. วิทยาศาสตร์การแพทย์ และสุขภาพ
วิทยาศาสตร์การแพทย์ และสุขภาพ
WS ว218ก  
  Barcode: 12996
ห้องสมุดวิทยาเขตสวรรค์ประชารักษ์
►หนังสือทั่วไป
บนชั้น
2. วิทยาศาสตร์การแพทย์ และสุขภาพ
วิทยาศาสตร์การแพทย์ และสุขภาพ
WS ว218ก ฉ.2 
  Barcode: 13000
ห้องสมุดวิทยาเขตสวรรค์ประชารักษ์
►หนังสือทั่วไป
บนชั้น
3. วิทยาศาสตร์การแพทย์ และสุขภาพ
วิทยาศาสตร์การแพทย์ และสุขภาพ
WS ว218ก ฉ.3 
  Barcode: 13005
ห้องสมุดวิทยาเขตสวรรค์ประชารักษ์
►หนังสือทั่วไป
บนชั้น
4. วิทยาศาสตร์การแพทย์ และสุขภาพ
วิทยาศาสตร์การแพทย์ และสุขภาพ
WS ว218ก ฉ.4 
  Barcode: 13004
ห้องสมุดวิทยาเขตสวรรค์ประชารักษ์
►หนังสือทั่วไป
บนชั้น
5. วิทยาศาสตร์การแพทย์ และสุขภาพ
วิทยาศาสตร์การแพทย์ และสุขภาพ
WS ว218ก ฉ.5 
  Barcode: 13003
ห้องสมุดวิทยาเขตสวรรค์ประชารักษ์
►หนังสือทั่วไป
บนชั้น
6. วิทยาศาสตร์การแพทย์ และสุขภาพ
วิทยาศาสตร์การแพทย์ และสุขภาพ
WS ว218ก ฉ.6 
  Barcode: 13002
ห้องสมุดวิทยาเขตสวรรค์ประชารักษ์
►หนังสือทั่วไป
บนชั้น
7. วิทยาศาสตร์การแพทย์ และสุขภาพ
วิทยาศาสตร์การแพทย์ และสุขภาพ
WS ว218ก ฉ.7 
  Barcode: 12998
ห้องสมุดวิทยาเขตสวรรค์ประชารักษ์
►หนังสือทั่วไป
บนชั้น

รายการใกล้เคียง
    หัวเรื่อง [กุมารเวชศาสตร์]

BibComment


ยังไม่เคยถูกคอมเมนท์

คอมเมนท์ทรัพยากรรายการนี้
  คอมเมนท์: Pediatric primar..


 Copyright 2026. Bcnsprnw @Library